[Event "ch-RUS Blitz Women 2017"]
[Site "Sochi RUS"]
[Date "2017.10.02"]
[Round "9.10"]
[White "Potapova, Margarita"]
[Black "Kashlinskaya, Alina"]
[Result "1/2-1/2"]
[WhiteTitle "WFM"]
[BlackTitle "IM"]
[WhiteElo "2163"]
[BlackElo "2455"]
[WhiteFideId "14126869"]
[BlackFideId "4198026"]
[EventDate "2017.10.02"]
[EventType "blitz"]

1. d4 Nf6 2. c4 g6 3. Nc3 Bg7 4. e4 d6 5. g3 O-O 6. Bg2 Nbd7 7. Nge2 e5 8. O-O
c6 9. h3 Re8 10. Be3 a5 11. f4 exd4 12. Nxd4 Nc5 13. Qc2 Nfxe4 14. Nxe4 Nxe4 15.
Bxe4 Bxh3 16. Rfe1 f5 17. Bg2 Rxe3 18. Ne6 Qb6 19. c5 Rxe1+ 20. Rxe1 dxc5 21.
Bxh3 Qb4 22. Re2 Re8 23. Nxg7 Qd4+ 24. Kh2 Rxe2+ 25. Qxe2 Kxg7 26. Qe7+ Kh6 27.
Qxb7 c4 28. Bg2 c5 29. Qf3 Qxb2 30. Qd5 c3 31. Qd8 c2 32. Qg5+ Kg7 33. Qe7+ Kh6
34. Qg5+ Kg7 35. Qe7+ 1/2-1/2

[Event "ch-RUS Blitz Women 2017"]
[Site "Sochi RUS"]
[Date "2017.10.02"]
[Round "9.11"]
[White "Markelova, Lubov"]
[Black "Charochkina, Daria"]
[Result "0-1"]
[WhiteTitle "WFM"]
[BlackTitle "IM"]
[WhiteElo "2119"]
[BlackElo "2321"]
[WhiteFideId "24131369"]
[BlackFideId "4180917"]
[EventDate "2017.10.02"]
[EventType "blitz"]

1. Nf3 f5 2. d4 Nf6 3. Bf4 e6 4. e3 b6 5. Be2 Bb7 6. O-O Be7 7. c4 O-O 8. Nc3 d6
9. Qb3 Qd7 10. c5 Nc6 11. cxd6 cxd6 12. Ng5 d5 13. Bb5 Ne4 14. Nf3 Bf6 15. Rac1
Rac8 16. Rfd1 Qe7 17. Bxc6 Bxc6 18. Ne5 Bxe5 19. Bxe5 Qd7 20. Qb4 Bb7 21. f3 Ng5
22. Nb5 Rc4 23. Rxc4 dxc4 24. Nd6 Bd5 25. Nxc4 Qb7 26. Nd6 Qc6 27. Qc3 Qa8 28.
Rc1 Bxf3 29. gxf3 Qxf3 0-1

[Event "ch-RUS Blitz Women 2017"]
[Site "Sochi RUS"]
[Date "2017.10.02"]
[Round "9.12"]
[White "Nebolsina, Vera"]
[Black "Gubernatorova, Lyudmila"]
[Result "1-0"]
[WhiteTitle "WGM"]
[WhiteElo "2220"]
[BlackElo "2200"]
[WhiteFideId "4163591"]
[BlackFideId "4123840"]
[EventDate "2017.10.02"]
[EventType "blitz"]

1. e4 e6 2. d4 d5 3. exd5 exd5 4. Nf3 Nc6 5. Bd3 Bd6 6. O-O Bg4 7. c3 Qd7 8. Bg5
f6 9. Bh4 Nge7 10. Bg3 O-O-O 11. b4 h5 12. b5 Na5 13. Nbd2 Bxg3 14. fxg3 h4 15.
gxh4 Rxh4 16. Qa4 Rh5 17. Qxa5 Kb8 18. Rae1 Rdh8 19. Qb4 Nf5 20. Bxf5 Qxf5 21.
Qe7 b6 22. Ne5 Qc2 23. Nc6+ Kb7 24. Nd8+ Rxd8 25. Qxd8 Qxd2 1-0

[Event "ch-RUS Blitz Women 2017"]
[Site "Sochi RUS"]
[Date "2017.10.02"]
[Round "9.13"]
[White "Belova, Olga"]
[Black "Kovanova, Baira"]
[Result "0-1"]
[WhiteTitle "WFM"]
[BlackTitle "WGM"]
[WhiteElo "2094"]
[BlackElo "2371"]
[WhiteFideId "4138422"]
[BlackFideId "4164083"]
[EventDate "2017.10.02"]
[EventType "blitz"]

1. d4 Nf6 2. Nc3 d5 3. Bf4 g6 4. h4 h5 5. Nb5 Na6 6. e3 Bg7 7. Nf3 c6 8. Na3 Nc7
9. Be2 Bf5 10. c3 Ng4 11. Ne5 Nxe5 12. dxe5 Ne6 13. Qb3 Qc7 14. c4 d4 15. exd4
Nxf4 16. Bf3 Ne6 17. Rd1 Rd8 18. Qe3 O-O 19. O-O c5 20. d5 Nd4 21. Rfe1 Nxf3+
22. gxf3 a6 23. f4 e6 24. d6 Qc6 25. Kh2 f6 26. Rg1 fxe5 27. fxe5 Qe4 0-1

[Event "ch-RUS Blitz Women 2017"]
[Site "Sochi RUS"]
[Date "2017.10.02"]
[Round "9.14"]
[White "Tsepennikova, Tatyana"]
[Black "Gritsayeva, Oksana"]
[Result "0-1"]
[WhiteTitle "WFM"]
[BlackTitle "WFM"]
[WhiteElo "1984"]
[BlackElo "2373"]
[WhiteFideId "4153901"]
[BlackFideId "14104652"]
[EventDate "2017.10.02"]
[EventType "blitz"]

1. d4 Nf6 2. Nf3 c5 3. c3 e6 4. Bg5 b6 5. Nbd2 Bb7 6. Qc2 h6 7. Bf4 Nc6 8. e4
cxd4 9. cxd4 Rc8 10. Qb1 Nb4 11. Bc4 Nxe4 12. Nxe4 Rxc4 13. Nc3 Bxf3 14. gxf3
Qf6 15. Qe4 Qxf4 16. Nb1 0-1

[Event "ch-RUS Blitz Women 2017"]
[Site "Sochi RUS"]
[Date "2017.10.02"]
[Round "9.15"]
[White "Getman, Tatyana"]
[Black "Travkina, Anastasia"]
[Result "0-1"]
[BlackTitle "WFM"]
[WhiteElo "2082"]
[BlackElo "2221"]
[WhiteFideId "34166146"]
[BlackFideId "24129151"]
[EventDate "2017.10.02"]
[EventType "blitz"]

1. d4 d5 2. c4 c6 3. cxd5 cxd5 4. Nc3 Nf6 5. Bf4 Nc6 6. e3 e6 7. Nf3 Be7 8. Be2
Nh5 9. Bg3 O-O 10. O-O Nxg3 11. hxg3 Bd7 12. Rc1 Rc8 13. a3 Na5 14. Ne5 Be8 15.
b4 Nc4 16. Nxc4 dxc4 17. Bf3 b5 18. Ne4 a5 19. Nc5 Bc6 20. Bxc6 Rxc6 21. Nb7 Qa8
22. Nxa5 Ra6 23. Qh5 Rb8 24. Qf3 Qxf3 25. gxf3 Bd8 26. a4 bxa4 27. Rxc4 Bxa5 28.
bxa5 Rxa5 29. Ra1 a3 30. Kg2 a2 31. Rc2 Rba8 32. Kf1 Kf8 33. Ke2 Ke7 34. Kd2 Kd6
35. Kd3 Ra3+ 36. Kd2 Kd5 37. Rc5+ Kd6 38. Rc2 f6 39. Rc3 R3a4 40. Rc2 h5 41. Kd3
g5 42. f4 h4 43. fxg5 fxg5 44. gxh4 gxh4 45. f4 h3 46. e4 Ra3+ 47. Ke2 h2 48.
e5+ Kd5 49. Rc5+ Kxd4 50. Rcc1 Ke4 51. Rh1 Rh8 52. Kf2 Kxf4 53. Kg2 Kxe5 54.
Rxh2 Rxh2+ 55. Kxh2 0-1

[Event "ch-RUS Blitz Women 2017"]
[Site "Sochi RUS"]
[Date "2017.10.02"]
[Round "9.16"]
[White "Semenova, Elena1"]
[Black "Granovskaya, Ekaterina"]
[Result "1-0"]
[WhiteTitle "WIM"]
[WhiteElo "2256"]
[BlackElo "1845"]
[WhiteFideId "24125148"]
[BlackFideId "34106577"]
[EventDate "2017.10.02"]
[EventType "blitz"]

1. e4 e5 2. Nf3 Nc6 3. d4 exd4 4. Nxd4 g6 5. Bc4 Bg7 6. c3 Nf6 7. O-O O-O 8. Nd2
d6 9. Re1 Nxd4 10. cxd4 Be6 11. Bxe6 fxe6 12. Qb3 Qc8 13. Nf3 Kh8 14. Bg5 Ng8
15. Rac1 h6 16. Bh4 g5 17. Bg3 Rd8 18. h3 Rb8 19. Rc2 Qd7 20. d5 e5 21. Qe3 a6
22. Rec1 Rdc8 23. Nh2 Ne7 24. Ng4 Ng6 25. Qd2 Kh7 26. Ne3 Ne7 27. Qd3 Kg6 28.
Rc3 c5 29. dxc6 Nxc6 30. Nd5 Rf8 31. b4 Rbc8 32. a4 Nd4 33. Rxc8 Rxc8 34. Rxc8
Qxc8 35. Ne7+ 1-0

[Event "ch-RUS Blitz Women 2017"]
[Site "Sochi RUS"]
[Date "2017.10.02"]
[Round "10.1"]
[White "Goryachkina, Aleksandra"]
[Black "Bodnaruk, Anastasia"]
[Result "1/2-1/2"]
[WhiteTitle "WGM"]
[BlackTitle "IM"]
[WhiteElo "2478"]
[BlackElo "2432"]
[WhiteFideId "4147103"]
[BlackFideId "4181751"]
[EventDate "2017.10.02"]
[EventType "blitz"]

1. e4 c5 2. Nf3 d6 3. Bb5+ Bd7 4. Bxd7+ Qxd7 5. d4 cxd4 6. Qxd4 Nc6 7. Qd3 g6 8.
O-O Bg7 9. c4 Nf6 10. h3 O-O 11. Nc3 Rac8 12. Rb1 Qd8 13. Bg5 Nd7 14. Nd5 Nde5
15. Nxe5 Nxe5 16. Qe2 f6 17. Be3 Nxc4 18. Bxa7 e6 19. Ne3 Ne5 20. Bd4 Nc6 21.
Bc3 Qe7 22. Rbd1 Rcd8 23. Rd2 Rd7 24. Rfd1 Rfd8 25. b4 Ne5 26. Bxe5 dxe5 27.
Rxd7 Rxd7 28. Rxd7 Qxd7 29. Qd1 Qd4 30. Qxd4 exd4 31. Nc2 f5 32. exf5 gxf5 33.
Kf1 e5 34. g4 fxg4 35. hxg4 e4 36. Ne1 Kf7 37. Ke2 Ke6 38. f3 d3+ 39. Kd1 Kd5
40. fxe4+ Kxe4 41. a4 Bc3 42. b5 b6 43. g5 Be5 44. Ng2 Bd6 45. Nh4 Be7 46. g6
hxg6 47. Nxg6 Kd4 48. Nxe7 Kc4 49. Kd2 Kb4 50. Nd5+ Kxa4 51. Nc3+ Kb4 52. Kxd3
Kc5 53. Kc2 Kc4 54. Kb2 Kb4 55. Kc2 Kc4 56. Kd2 Kd4 57. Na4 Kc4 58. Nxb6+ Kxb5 1/2-1/2

[Event "ch-RUS Blitz Women 2017"]
[Site "Sochi RUS"]
[Date "2017.10.02"]
[Round "10.2"]
[White "Drozdova, Dina"]
[Black "Kabanova, Ekaterina"]
[Result "1-0"]
[WhiteTitle "WIM"]
[BlackTitle "WFM"]
[WhiteElo "2209"]
[BlackElo "2205"]
[WhiteFideId "4170695"]
[BlackFideId "24112917"]
[EventDate "2017.10.02"]
[EventType "blitz"]

1. d4 c5 2. dxc5 e6 3. g3 Bxc5 4. Bg2 Nf6 5. Nf3 O-O 6. O-O Be7 7. c4 Qc7 8. b3
d6 9. Bb2 Nbd7 10. Nc3 a6 11. Rc1 Rb8 12. Qd2 Re8 13. Rfd1 h6 14. Nd4 Ne5 15. h3
Ned7 16. Ba1 Nh7 17. Ne4 Nc5 18. Nxc5 Qxc5 19. b4 Qc7 20. Nb3 b6 21. Qd4 Nf6 22.
a3 Bb7 23. Nd2 Bxg2 24. Kxg2 Qb7+ 25. f3 Rbc8 26. Ne4 Red8 27. Nf2 e5 28. Qb2
Rc7 29. Rc2 Rdc8 30. Rdc1 Bf8 31. Ng4 Nxg4 32. hxg4 e4 33. Qb3 Re8 34. Rd1 exf3+
35. exf3 Rce7 36. Rf2 Re3 37. Qc2 Rxa3 38. Bd4 a5 39. b5 a4 40. g5 d5 41. gxh6
gxh6 42. Qf5 Re6 43. cxd5 Rg6 44. Be5 Rg5 45. Qf6 Bg7 46. Qd8+ Kh7 47. Bxg7 Kxg7
48. d6 Rf5 49. Qc7 Qa8 50. Qc6 Qd8 51. d7 Qf6 52. Qxf6+ Rxf6 53. d8=Q 1-0

[Event "ch-RUS Blitz Women 2017"]
[Site "Sochi RUS"]
[Date "2017.10.02"]
[Round "10.3"]
[White "Nechaeva, Marina"]
[Black "Garifullina, Leya"]
[Result "1-0"]
[WhiteTitle "IM"]
[BlackTitle "WCM"]
[WhiteElo "2431"]
[BlackElo "1936"]
[WhiteFideId "4149351"]
[BlackFideId "34127035"]
[EventDate "2017.10.02"]
[EventType "blitz"]

1. d4 Nf6 2. c4 e6 3. Nc3 Bb4 4. Nf3 c5 5. g3 O-O 6. Bg2 cxd4 7. Nxd4 Nc6 8. O-O
Bxc3 9. bxc3 d5 10. Ba3 Re8 11. Nb5 Na5 12. Nd6 Nxc4 13. Nxe8 Qxe8 14. Bc1 h6
15. Rb1 b6 16. Re1 Bb7 17. Bf4 Bc6 18. Qc1 Rc8 19. Be3 Ba8 20. Bd4 e5 21. Be3
Qe7 22. Bd2 Qc5 23. Rd1 Ng4 24. Be1 Nf6 25. a4 a6 26. Ra1 Qc7 27. f3 e4 28. Bf2
e3 29. Bxe3 Re8 30. Bd4 Nd7 31. Re1 Nc5 32. Qc2 Ne6 33. e3 Qd6 34. f4 Nc5 35.
Rad1 Qc7 36. Kh1 Ne4 37. Qa2 Qc6 38. Re2 Bb7 39. Rb1 Ba8 40. Rb4 Ned6 41. Qb1 b5
42. axb5 Nxb5 43. Qa2 Nxd4 44. cxd4 Qd6 45. Rb1 Bc6 46. Qxa6 Qd7 47. Qa2 Bb5 48.
Ree1 Bc6 49. Rbc1 Bb5 50. Qa1 Bc6 51. Qc3 Bb5 52. Qb4 Bc6 53. Qc5 Rc8 54. Ra1
Bb7 55. Qa7 Rc7 56. Qa2 Rc8 57. Qb3 Bc6 58. Ra6 Bb5 59. Raa1 Bc6 60. Reb1 Nd2
61. Qd3 Nxb1 62. Rxb1 Ba8 63. Qd2 Bc6 64. Rc1 Bb7 65. Rxc8+ Qxc8 66. h3 Qd7 67.
Kh2 Bc6 68. Qb4 Bb7 69. Qc3 Bc6 70. g4 Bb7 71. Kg3 Bc6 72. Kf2 Bb7 73. Bf3 Qb5
74. Qc5 Qd7 75. h4 Bc6 76. Qb6 Qb7 77. Qxb7 Bxb7 78. Ke2 Ba6+ 79. Kd2 Bb7 80.
Kc3 Kf8 81. Kb4 Ke7 82. Kc5 Ke6 83. f5+ Kf6 84. Bxd5 Ba6 85. e4 h5 86. g5+ Ke7
87. e5 Bd3 88. f6+ gxf6 89. gxf6+ Ke8 90. Kd6 Bb5 91. e6 fxe6 92. Bxe6 Bc4 93.
d5 Bb3 94. Ke5 Kf8 95. d6 Ba4 96. d7 Bxd7 97. Bxd7 Kf7 98. Bf5 Kg8 99. Ke6 Kf8
100. Be4 Ke8 101. f7+ Kf8 102. Bc6 Kg7 103. Ke7 Kg6 104. f8=Q Kh7 105. Be4# 1-0

[Event "ch-RUS Blitz Women 2017"]
[Site "Sochi RUS"]
[Date "2017.10.02"]
[Round "10.4"]
[White "Vasilevich, Tatjana"]
[Black "Bezgodova, Svetlana"]
[Result "1-0"]
[WhiteTitle "IM"]
[BlackTitle "WIM"]
[WhiteElo "2360"]
[BlackElo "2060"]
[WhiteFideId "14101610"]
[BlackFideId "4110650"]
[EventDate "2017.10.02"]
[EventType "blitz"]

1. d4 Nf6 2. c4 d6 3. Nc3 Nbd7 4. e4 e5 5. Nge2 Be7 6. f3 O-O 7. Be3 c6 8. Qd2
a6 9. Ng3 g6 10. Be2 b5 11. O-O b4 12. Na4 c5 13. dxc5 dxc5 14. Rfd1 Qc7 15. Qe1
Bb7 16. Qf2 Rfc8 17. Rd2 Nf8 18. f4 Nxe4 19. Nxe4 Bxe4 20. fxe5 Ne6 21. Bg4 Qc6
22. b3 Bf8 23. Rf1 Ra7 24. Qg3 Qe8 25. Rdf2 Bc6 26. Bxe6 Qxe6 27. Nxc5 Bxc5 28.
Bxc5 Rb7 29. Rf6 Qe8 30. e6 Bxg2 31. exf7+ Rxf7 32. Rxf7 Bxf1 33. Rf8+ Qxf8 34.
Bxf8 Rxf8 35. Qd6 a5 36. Qd5+ Rf7 37. h4 h5 38. Qxa5 Bh3 39. Kh2 Bg4 40. Kg3
Rf3+ 41. Kg2 Re3 42. Qd5+ Kh7 43. Qb7+ Kh6 44. Qa7 Re2+ 45. Kg3 Re3+ 46. Kg2
Re2+ 47. Kf1 Rc2 48. Qa8 Kg7 49. c5 Rc1+ 50. Kf2 Rc2+ 51. Ke3 Kf6 52. c6 Rc3+
53. Kd4 Bf3 54. Qf8+ Ke6 55. Qe8+ Kf5 56. Qd7+ Kf4 57. c7 Bg4 58. Qf7+ Kg3 59.
Qxg6 Rxc7 60. Qd6+ 1-0

[Event "ch-RUS Blitz Women 2017"]
[Site "Sochi RUS"]
[Date "2017.10.02"]
[Round "10.5"]
[White "Pogonina, Natalija"]
[Black "Voit, Daria"]
[Result "0-1"]
[WhiteTitle "WGM"]
[BlackTitle "FM"]
[WhiteElo "2466"]
[BlackElo "2387"]
[WhiteFideId "4147855"]
[BlackFideId "4182146"]
[EventDate "2017.10.02"]
[EventType "blitz"]

1. d4 Nf6 2. Nf3 e6 3. Nbd2 b6 4. e4 Bb7 5. Bd3 d6 6. O-O c5 7. c3 g6 8. Qe2
cxd4 9. cxd4 Bg7 10. e5 dxe5 11. dxe5 Nd5 12. Ne4 O-O 13. Bg5 Qc7 14. Rac1 Nc6
15. Nf6+ Nxf6 16. exf6 Bh8 17. Be4 Rac8 18. Rfd1 Rfd8 19. Rxd8+ Qxd8 20. Rd1 Qc7
21. h4 h6 22. Bxh6 Bxf6 23. h5 gxh5 24. Ng5 Rd8 25. Rxd8+ Nxd8 26. Bxb7 Qxb7 27.
Qxh5 Qd5 28. b3 Qf5 29. Qh4 Nc6 30. Qh5 Ne5 31. f3 Qb1+ 32. Kh2 Qf5 33. Kg1 Qb1+
34. Kh2 Qf5 35. Kg1 Ng6 36. Qg4 Qxg4 37. fxg4 Bxg5 38. Bxg5 Ne5 39. Bf4 Nxg4 40.
Bb8 a6 41. Kf1 e5 42. Ke2 f5 43. Kf3 Kf7 44. a4 Ke6 45. Bc7 b5 46. axb5 axb5 47.
Bb8 Kd5 48. g3 Kd4 49. b4 Kc4 50. Bd6 Kd3 51. Bc5 Nh2+ 52. Kg2 Ng4 53. Kf3 e4+
54. Kf4 e3 55. Kf3 e2 56. Bf2 Nxf2 0-1

[Event "ch-RUS Blitz Women 2017"]
[Site "Sochi RUS"]
[Date "2017.10.02"]
[Round "10.6"]
[White "Ubiennykh, Ekaterina"]
[Black "Bivol, Alina"]
[Result "1/2-1/2"]
[WhiteTitle "WIM"]
[BlackTitle "WGM"]
[WhiteElo "2308"]
[BlackElo "2356"]
[WhiteFideId "4137582"]
[BlackFideId "4100123"]
[EventDate "2017.10.02"]
[EventType "blitz"]

1. d4 Nf6 2. c4 g6 3. Nc3 Bg7 4. e4 d6 5. Be2 O-O 6. Bg5 h6 7. Bf4 c5 8. d5 a6
9. a4 Nbd7 10. Nf3 Ne8 11. Qd2 Kh7 12. h4 Ne5 13. Nxe5 dxe5 14. Be3 b6 15. g4 f5
16. exf5 gxf5 17. Bd3 Nd6 18. gxf5 Bxf5 19. Rg1 Rf7 20. Bxf5+ Nxf5 21. Qd3 Kh8
22. O-O-O b5 23. Bxc5 bxc4 24. Qe4 Rc8 25. Be3 Qa5 26. Rg6 Nxe3 27. Qxe3 Rf6 28.
Rdg1 Rxg6 29. Rxg6 Qc7 30. Qg3 Rg8 31. Qg4 Qc5 32. Qe6 Kh7 33. Qf5 Kh8 34. h5
Rf8 35. Qe6 Qxf2 36. Rxh6+ Bxh6+ 37. Qxh6+ Kg8 38. Qg6+ 1/2-1/2

[Event "ch-RUS Blitz Women 2017"]
[Site "Sochi RUS"]
[Date "2017.10.02"]
[Round "10.7"]
[White "Tomilova, Elena"]
[Black "Ambartsumova, Karina"]
[Result "0-1"]
[WhiteTitle "WIM"]
[BlackTitle "WGM"]
[WhiteElo "2307"]
[BlackElo "2359"]
[WhiteFideId "4162340"]
[BlackFideId "4166299"]
[EventDate "2017.10.02"]
[EventType "blitz"]

1. d4 Nf6 2. Bg5 e6 3. e4 h6 4. Bxf6 Qxf6 5. c3 d6 6. Bd3 Nd7 7. Ne2 e5 8. O-O
g5 9. Nd2 Bg7 10. Nc4 O-O 11. Ng3 Nb6 12. Nh5 Qg6 13. Ne3 g4 14. Nxg7 Qxg7 15.
d5 Qg5 16. Qe2 h5 17. g3 Nd7 18. b4 Nf6 19. f3 gxf3 20. Qxf3 Ng4 21. Ng2 f6 22.
h3 Nh6 23. Kh2 Kg7 24. Ne3 a5 25. a3 Bd7 26. Be2 Be8 27. Nf5+ Nxf5 28. Qxf5 Bg6
29. Qxg5 fxg5 30. Bd3 axb4 31. axb4 Rxa1 32. Rxa1 Rf2+ 33. Kg1 Rf3 34. Rd1 Rxg3+
35. Kh2 Re3 36. Kg2 Rxd3 37. Rxd3 Bxe4+ 38. Rf3 g4 0-1

[Event "ch-RUS Blitz Women 2017"]
[Site "Sochi RUS"]
[Date "2017.10.02"]
[Round "10.8"]
[White "Girya, Olga"]
[Black "Bykova, Anastasia"]
[Result "1-0"]
[WhiteTitle "WGM"]
[BlackTitle "WFM"]
[WhiteElo "2505"]
[BlackElo "2234"]
[WhiteFideId "4195752"]
[BlackFideId "4164970"]
[EventDate "2017.10.02"]
[EventType "blitz"]

1. d4 d5 2. Nf3 Nf6 3. c4 c6 4. e3 g6 5. Nc3 Bg7 6. Be2 O-O 7. O-O a6 8. b3 b5
9. Ne5 Bb7 10. Rb1 Nbd7 11. f4 Qc7 12. Bf3 Rfd8 13. Ba3 Nf8 14. Qe2 Qa5 15. Bb2
Rac8 16. Rfc1 dxc4 17. bxc4 b4 18. Nd1 N6d7 19. a3 bxa3 20. Bc3 Qc7 21. Qa2 Nxe5
22. fxe5 Rb8 23. Qxa3 c5 24. Ba5 Qd7 25. Bxd8 Qxd8 26. Rxb7 Rxb7 27. Bxb7 cxd4
28. exd4 Qxd4+ 29. Qe3 Qd7 30. Bxa6 f6 31. Bb5 Qd8 32. c5 fxe5 33. c6 Qc7 34.
Nf2 h6 35. Ne4 Nh7 36. Rd1 Nf8 37. Qb3+ Kh7 38. h3 Qb6+ 39. Kh2 Qc7 40. Qf7 h5
41. Nf6+ Kh6 42. Qxg7+ 1-0

[Event "ch-RUS Blitz Women 2017"]
[Site "Sochi RUS"]
[Date "2017.10.02"]
[Round "10.9"]
[White "Styazhkina, Anna"]
[Black "Sukhareva, Evgeniya"]
[Result "1-0"]
[WhiteTitle "WIM"]
[WhiteElo "2301"]
[BlackElo "2207"]
[WhiteFideId "24119300"]
[BlackFideId "4167155"]
[EventDate "2017.10.02"]
[EventType "blitz"]

1. e4 c5 2. Nf3 e6 3. c4 Qc7 4. Nc3 a6 5. Be2 d6 6. d4 cxd4 7. Nxd4 Nf6 8. O-O
Be7 9. Be3 b6 10. f3 Bb7 11. Rc1 Nbd7 12. Qd2 O-O 13. Rfd1 Rac8 14. b4 Qb8 15.
Nb3 d5 16. cxd5 Bxb4 17. dxe6 fxe6 18. Qb2 Ne5 19. Na4 b5 20. Nac5 Rfe8 21. a3
Bxc5 22. Nxc5 Nc6 23. a4 b4 24. Bc4 Nd8 25. Qb3 Rc6 26. Qxb4 Qc7 27. Rxd8 Rxd8
28. Nxe6 Rxc4 29. Rxc4 Rd1+ 30. Kf2 Qf7 31. Nc5 Bc6 32. Qb8+ Be8 33. Rb4 h5 34.
Ke2 Ra1 35. Nd3 Ra2+ 36. Rb2 Rxb2+ 37. Qxb2 Qc4 38. Qd4 Qxa4 39. Qxa4 Bb5 40.
Kd2 Kf7 41. Kc3 Ne8 42. Kb4 1-0

[Event "ch-RUS Blitz Women 2017"]
[Site "Sochi RUS"]
[Date "2017.10.02"]
[Round "10.10"]
[White "Kashlinskaya, Alina"]
[Black "Potapova, Margarita"]
[Result "1-0"]
[WhiteTitle "IM"]
[BlackTitle "WFM"]
[WhiteElo "2455"]
[BlackElo "2163"]
[WhiteFideId "4198026"]
[BlackFideId "14126869"]
[EventDate "2017.10.02"]
[EventType "blitz"]

1. d4 Nf6 2. c4 e6 3. Nc3 Bb4 4. e3 O-O 5. Bd3 c5 6. Nf3 d5 7. O-O cxd4 8. exd4
dxc4 9. Bxc4 b6 10. Bg5 Bb7 11. Qe2 h6 12. d5 Bxc3 13. dxe6 Bd5 14. e7 Qe8 15.
exf8=Q+ Qxf8 16. bxc3 Bxc4 17. Qxc4 hxg5 18. Nxg5 Nbd7 19. Rfe1 Rc8 20. Qd3 Nc5
21. Qf5 Rd8 22. Rad1 Re8 23. Rxe8 Qxe8 24. h3 a5 25. Qf4 a4 26. Qc7 Ncd7 27. Qc6
Qe7 28. Qxa4 g6 29. Qa8+ Kg7 30. Qf3 Ne5 31. Qe3 Qc7 32. Nf3 Nc4 33. Qd4 Nb2 34.
Re1 Qc6 35. Ne5 Qe6 36. Re2 Na4 37. Qxa4 1-0

[Event "ch-RUS Blitz Women 2017"]
[Site "Sochi RUS"]
[Date "2017.10.02"]
[Round "10.11"]
[White "Charochkina, Daria"]
[Black "Markelova, Lubov"]
[Result "0-1"]
[WhiteTitle "IM"]
[BlackTitle "WFM"]
[WhiteElo "2321"]
[BlackElo "2119"]
[WhiteFideId "4180917"]
[BlackFideId "24131369"]
[EventDate "2017.10.02"]
[EventType "blitz"]

1. d4 d5 2. Bf4 Nf6 3. Nc3 c6 4. e3 Bf5 5. f3 e6 6. g4 Bg6 7. h4 h5 8. g5 Nfd7
9. Bd3 Bxd3 10. Qxd3 g6 11. O-O-O Bg7 12. e4 Na6 13. exd5 cxd5 14. Bd6 Nb6 15.
Be5 Bxe5 16. dxe5 O-O 17. Nge2 Nc4 18. Nd4 Nb4 19. Qe2 Qa5 20. Nb3 Nxa2+ 21.
Nxa2 Qxa2 22. Rd4 Qxb2+ 23. Kd1 a5 24. Rd3 a4 25. Nc1 a3 26. Rb3 Qd4+ 27. Qd3
Nb2+ 28. Rxb2 Qxd3+ 29. Nxd3 axb2 30. Kd2 Ra1 0-1

[Event "ch-RUS Blitz Women 2017"]
[Site "Sochi RUS"]
[Date "2017.10.02"]
[Round "10.12"]
[White "Gubernatorova, Lyudmila"]
[Black "Nebolsina, Vera"]
[Result "0-1"]
[BlackTitle "WGM"]
[WhiteElo "2200"]
[BlackElo "2220"]
[WhiteFideId "4123840"]
[BlackFideId "4163591"]
[EventDate "2017.10.02"]
[EventType "blitz"]

1. d4 Nf6 2. c4 g6 3. d5 Bg7 4. Nc3 c6 5. e4 O-O 6. Be2 b5 7. cxb5 cxd5 8. exd5
Bb7 9. Nf3 d6 10. O-O Nbd7 11. Be3 Nb6 12. Bxb6 Qxb6 13. a4 Qc5 14. a5 Nxd5 15.
a6 Nxc3 16. bxc3 Bd5 17. Rc1 Bc4 18. Bxc4 Qxc4 19. Nd4 Bxd4 20. cxd4 Qxb5 21.
Rc7 Rfe8 22. h4 Qxa6 23. h5 Qa5 24. Qc2 Qxh5 25. Re1 e6 26. Re3 Qf5 27. Qc6 Qd5
28. Qd7 Rf8 29. Rf3 e5 30. dxe5 Rad8 31. Qa4 dxe5 32. Qxa7 e4 33. Re3 Qd1+ 34.
Kh2 Qh5+ 35. Kg1 Rd1+ 0-1

[Event "ch-RUS Blitz Women 2017"]
[Site "Sochi RUS"]
[Date "2017.10.02"]
[Round "10.13"]
[White "Kovanova, Baira"]
[Black "Belova, Olga"]
[Result "1-0"]
[WhiteTitle "WGM"]
[BlackTitle "WFM"]
[WhiteElo "2371"]
[BlackElo "2094"]
[WhiteFideId "4164083"]
[BlackFideId "4138422"]
[EventDate "2017.10.02"]
[EventType "blitz"]

1. e4 e5 2. Nf3 Nc6 3. Bb5 a6 4. Ba4 Nf6 5. d3 b5 6. Bb3 Bc5 7. O-O O-O 8. c3 d6
9. h3 h6 10. d4 Bb6 11. Re1 Re8 12. d5 Ne7 13. Be3 Ng6 14. Nbd2 Bxe3 15. fxe3
Nh7 16. Rf1 Ng5 17. c4 Bd7 18. Rc1 c6 19. c5 dxc5 20. dxc6 Be6 21. Rxc5 Qb6 22.
Qc1 Bxb3 23. Nxg5 Bxa2 24. Ngf3 Be6 25. b4 f6 26. Qc3 Rac8 27. Rc1 Rc7 28. Nb3
Bxb3 29. Qxb3+ Kh7 30. Qc3 Rec8 31. Qd3 Qb8 32. Qd6 Rd8 33. Qe6 Nf8 34. Qf5+ Kh8
35. Nh4 Rd6 36. Qg4 Qd8 37. Nf5 Rd2 38. Kh2 Kh7 39. R5c3 g6 40. Nh4 Rd6 41. Rc5
Qe8 42. Rf1 Rcxc6 43. Rd5 Qd8 44. Rfd1 Qe7 45. Rf1 Rc4 46. Rfd1 Rxd5 47. Rxd5
Qxb4 48. Nxg6 Nxg6 49. Rd7+ Ne7 50. Qe6 Qc5 51. Rxe7+ Kg6 52. Qf5# 1-0

[Event "ch-RUS Blitz Women 2017"]
[Site "Sochi RUS"]
[Date "2017.10.02"]
[Round "10.14"]
[White "Gritsayeva, Oksana"]
[Black "Tsepennikova, Tatyana"]
[Result "1-0"]
[WhiteTitle "WFM"]
[BlackTitle "WFM"]
[WhiteElo "2373"]
[BlackElo "1984"]
[WhiteFideId "14104652"]
[BlackFideId "4153901"]
[EventDate "2017.10.02"]
[EventType "blitz"]

1. e4 c6 2. d4 d5 3. exd5 cxd5 4. Bd3 Nc6 5. c3 g6 6. h3 Bg7 7. Nf3 Nh6 8. O-O
O-O 9. Bf4 f6 10. Re1 Nf7 11. Bh2 e5 12. dxe5 fxe5 13. Bc2 e4 14. Nfd2 Nfe5 15.
Nf1 Qf6 16. Bg3 Be6 17. Nbd2 Rad8 18. Nb3 h5 19. h4 Ng4 20. Qe2 Nce5 21. Nd4 Bh6
22. Ne3 Bc8 23. Rf1 Bf4 24. Bb3 Bxg3 25. fxg3 Qd6 26. Nxd5 Kh8 27. Qxe4 Nc4 28.
Nf4 Nce5 29. Rae1 Qf6 30. Nf3 Bf5 31. Qa4 Qb6+ 32. Nd4 Nc6 33. Qb5 Nxd4 34. Qxb6
axb6 35. cxd4 Rxd4 36. Nxg6+ Bxg6 37. Rxf8+ Kg7 38. Rc8 Rd2 39. Rd1 Rxb2 40.
Rc7+ Kf6 41. Rd6+ Kf5 42. Rc1 Ne3 43. Rxb6 Rxg2+ 44. Kh1 Rd2 45. Re1 Ke4 46.
Rxg6 Kf3 47. Rf6+ Kxg3 48. Rxe3+ Kxh4 49. Re1 Rd3 50. Kg2 Rd2+ 51. Rf2 Rd4 52.
Rh1+ Kg4 53. Be6+ Kg5 54. Bh3 h4 55. Rhf1 Rd3 56. Rf3 Rd2+ 57. R1f2 Rd1 58. Rf5+
Kg6 59. Rf6+ Kg7 60. R6f4 Rd5 61. Rg4+ 1-0